Countries with Red and White Flags on a Map - Statistics

General Stats
  • This quiz has been taken 92 times
  • The average score is 12 of 17
Answers on the Map
Answers color-coded by a green-red scale on the quiz's map according to % correct below.
 
Answer Stats
Country % Correct
Canada
93%
Indonesia
84%
Poland
84%
Austria
81%
Monaco
81%
Japan
77%
Dennmark
74%
Peru
74%
Tunisia
72%
Turkey
72%
Switzerland
67%
Bahrain
59%
Georgia
58%
Singapore
57%
Tonga
57%
Latvia
54%
Qatar
54%
No matching quizzes found
Score Distribution
Percent of People with Each Score
Percentile by Number Answered
Your Score History
You have not taken this quiz